000 00345nam a2200157Ia 4500
003 OSt
008 191201s2013 xx 000 0 und d
082 _a621.8
_bBET
100 _aBEVAN,Thomas
245 0 _aTheory of Machines
250 _aRep
260 _aNew Delhi
_bPearson
_c2013
300 _a621
650 _aB.Tech(ME)
942 _2ddc
_cBK
999 _c5624
_d5624